Statistics for Graphical Map of the Americas Quiz

Click here to take the quiz!

General Stats

  • This quiz has been taken 50 times
  • The average score is 21 of 23

Answers on the Map

Answers color-coded by a green-red scale on the quiz's map according to % correct below.
 

Answer Stats

Answer% Correct
Mexico
98%
Argentina
96%
Brazil
96%
Canada
96%
Costa Rica
96%
Ecuador
96%
Panama
96%
United States
96%
Colombia
93%
French Guiana
93%
Guatemala
93%
Uruguay
93%
Belize
91%
Chile
91%
El Salvador
91%
Honduras
91%
Suriname
91%
Guyana
89%
Nicaragua
89%
Paraguay
89%
Peru
89%
Bolivia
87%
Venezuela
85%

Score Distribution

Percentile by Number Answered

Percent of People with Each Score

Your Score History

You have not taken this quiz